Localización y enlaces /
Guardado en:
| Autor Principal: | |
|---|---|
| Formato: | Libro |
| Publicado: |
Inglaterra :
Basil Blackwell,
1974
|
| Materias: | |
| Etiquetas: |
Agregar Etiqueta
Sin Etiquetas, Sea el primero en etiquetar este registro!
|
| LEADER | 00573nam a22002175a 4500 | ||
|---|---|---|---|
| 001 | CEM.cems006609 | ||
| 005 | 20060214000000.0 | ||
| 008 | 130507s1974##################000#0#####d | ||
| 003 | CEMS | ||
| 082 | 0 | 4 | |a 312 |
| 100 | 1 | |a Walker | |
| 245 | 1 | 0 | |a Localización y enlaces / |
| 260 | |a Inglaterra : |b Basil Blackwell, |c 1974 | ||
| 300 | |a 141 p. | ||
| 505 | 0 | |a Texto en ingles. | |
| 653 | |a Demografia | ||
| 653 | |a Geografia humana | ||
| 653 | |a Geografia urbana | ||
| 653 | |a Paisaje rural | ||
| 653 | |a Paisaje urbano | ||
| 859 | |a CEMS |b BIB. CEMS - 11 de abril |h 312 |i W151 |p 13620.85 |t Ej.1 | ||
